Größte Metropolregionen Europas - Statistiken

Allgemein
  • Dieses Quiz wurde 209 mal gespielt
  • Das Durchschnittsergebnis liegt bei 25 aus 32
Antwortstatistiken
Bevölkerung in Mio. Metropolregion % Korrekt
12,1 Aire urbaine de Paris
98%
5,2 Berlin
98%
14 London
98%
15,1 Moskau
96%
10,7 Rhein-Ruhr
96%
6,4 Madrid
95%
4,3 Rom
92%
3,3 Warschau
92%
14,8 Istanbul
91%
2,8 München
90%
3,8 Athen
89%
3,2 Hamburg
89%
5,4 Barcelona
88%
2,7 Wien
88%
3 Budapest
86%
6 Sankt Petersburg
86%
4,3 Mailand
85%
2,6 Prag
83%
2,8 Lissabon
82%
7 Randstad
82%
2,7 Amsterdam
81%
3,1 Neapel
76%
3,5 Kiew
75%
3,1 Marseille
75%
2,5 Brüssel
73%
3,3 Manchester
71%
5 Ruhrgebiet
64%
2,7 Stuttgart
54%
2,5 Valencia
43%
2,6 Lille
17%
5,3 Metropolia GZM
12%
2,7 Katowice
10%
Keine übereinstimmenden Quizze gefunden
Verteilung der Resultate
Anzahl Personen mit jedem Resultat
Perzentil nach korrekt beantworteten Fragen
Ihre Resultats-Entwicklung
Sie haben dieses Quiz noch nicht gespielt